01521nam a22003377a 4500003000400000005001700004008004100021040002200062082001800084100003000102245003000132260006000162300002100222366000800243490003100251505011200282505009400394505011000488505001200598650006000610650005200670650005300722650004300775650004500818650005600863650004700919700003600966942002901002999001501031952013701046OSt20230616125247.0221006b |||||||| |||| 00| 0 eng d cBiblioteca Lado V a709.05bG851a 9855aGriffin, Timeeditor aArtforum/bInternacional/ aNew Yorkc2008bNew York editorial and business offices c26.5x27cma496p. espa aSetiembrev2008x0864-1315 tCOLUMNSaEditors Letter: Mirror Image Letters Passages Books Media On Site Technology Slant TOP TEN tPreviewsaFall 2008 Exhibitions US News From the Vault International News On The Road tFeaturesaBecause we Must 1000 Words A Cinema of citation Material Witness Openings Dorit Margreiter tReviews 2Tesauro de Arte & ArquitecturaaARTE COMTEMPORANEO9703 2Tesauro de Arte & ArquitecturaaFOTOGRAFIA9702 2Tesauro de Arte & ArquitecturaaARTE VISUAL9702 2Tesauro de Arte & ArquitecturaaLIBROS 2Tesauro de Arte & ArquitecturaaNOTICIAS 2 Tesauro de Arte & ArquitecturaaARTE INTERNACIONAL 2 Tesauro de Arte & ArquitecturaaESCULTURA aNavarreta, Jose Antonioeeditor 2ddcc1h709.05iG851an0 c3866d3866 00102ddc3200840708RevistasaLVbLVd2023-06-16hSeptiembrei002553l0o709.05 G851ap002553r2023-06-16 00:00:00w2023-06-16y1